000 00689nam a2200289Ia 4500
005 20260324115225.0
008 008 260324s9999 xx 000 0 eng d
020 _a9780429027758
037 _aEBOOK
040 _aCRL
040 _beng
040 _cCRL
041 _2eng
041 _aeng
084 _qCRL
100 _aPaolo Di Sia
_91153837
245 0 _aMathematics and Physics for Nanotechnology
245 0 _bTechnical Tools and Modelling
260 _bTaylor and Francis
260 _c2019
365 _a
365 _b240
856 _uhttp://www.taylorfrancis.com/books/9780429027758
942 _cEBOOK
999 _c1744563
_d1744563